01551cam a2200361 a 4500001001400000003000800014005001700022006001900039007001500058008004100073020003800114040003000152049002600182050002200208082002000230100002700250245012100277260005300398300003700451520024900488521001700737588004700754504005100801650004800852650003100900655002900931700002100960710001600981776003500997856012201032942001601154999001901170EDZ0000085219StDuBDS20161031105204.0m||||||||d||||||||cr |||||||||||120521s2001 cau fo| 001|0|eng|d a9781452232713 (ebook) :cNo price aStDuBDSbengcStDuBDSepn aAlfaisal Main Library 0aHV3176b.D49 200104a362.84009732231 aDhooper, Surjit Singh.10aSocial work practice with culturally diverse peopleh[electronic resource] /cSurjit Singh Dhooper, Sharon E. Moore. aThousand Oaks, Calif. ;aLondon :bSAGE,cc2001. a1 online resource (xiii, 287 p.)8 aPresenting an approach to competent social work practice which takes into account the growing multiculturalism of society, this text discusses the need for social workers to be aware of, and appreciate both their own culture and that of others. aSpecialized. aDescription based on print version record. aIncludes bibliographical references and index. 0aSocial work with minoritieszUnited States. 0aMinoritieszUnited States. 7aElectronic books.2local1 aMoore, Sharon E.2 aSage eBooks08iPrint version :z978076191297240uhttp://ezproxy.alfaisal.edu/login?url=http://sk.sagepub.com/books/social-work-practice-with-culturally-diverse-people 2lcccEBOOKS c481266d481266